Loreto College Library, Kolkata
WEBOPAC (ONLINE PUBLIC ACCESS CATALOGUE)

Historical introduction to the Bengal portion of 'The fifth report (Record no. 9724)

MARC details
000 -LEADER
fixed length control field 00584nam a2200205Ia 4500
005 - DATE AND TIME OF LATEST TRANSACTION
control field 20221116105822.0
008 - FIXED-LENGTH DATA ELEMENTS--GENERAL INFORMATION
fixed length control field 131103s9999 xx 000 0 und d
020 ## - ISBN | অাই এস বি এন
PRICE Rs.40
040 ## - CATALOGING SOURCE
Original cataloging agency Loreto College
041 ## - LANGUAGE CODE
Language code English
082 ## - DDC | ডিউই
Classification number | বর্গসংখ্যা 954.03
Book Number | গ্রন্থাঙ্ক FIR
100 ## - MAIN ENTRY--PERSONAL NAME | মুখ্য সংলেখ - ব্যাক্তিনাম
Personal name | ব্যাক্তিনাম Firminger,W.K.
245 ## - TITLE STATEMENT | অাখ্যা বিবরণী
Title | অাখ্যা Historical introduction to the Bengal portion of 'The fifth report
Statement of responsibility | লেখকের দায়িত্বের বিবরণ W.K.Firminger
260 ## - IMPRINT | প্রকাশনা ক্ষেত্র
Place of publication | প্রকাশ স্থান Calcutta
Name of publisher | প্রকাশকের নাম Indian Studies
Date of publication | প্রকাশ কাল 1962
300 ## - PHYSICAL DESCRIPTION |
Page / Vol. No | পৃষ্ঠা / খন্ড সংখ্যা 356 p.
504 ## - BIBLIOGRAPHY, ETC. NOTE
Bibliography, etc Includes index and bibliographical references
650 ## - SUBJECT ADDED ENTRY--TOPICAL TERM | বিষয় শিরোনাম - মূল বিষয়
Topical term | মূল বিষয় Indian - Modern History
850 ## - HOLDING INSTITUTION
Holding institution LCLIB
942 ## - ADDED ENTRY ELEMENTS (KOHA)
Koha item type Books
Holdings
Withdrawn status Lost status Source of classification Damaged status Not for loan Home library Current library Date acquired Total Checkouts Full call number Accession No. Date last seen Price effective from Koha item type Coded location qualifier
    Dewey Decimal Classification     Loreto College Loreto College 04/11/2013   954.03 FIR 17874 B9602 04/11/2013 04/11/2013 Books